Statistics for Largest Animal by Taxonomic Rank

Click here to take the quiz!

General Stats

  • This quiz has been taken 159 times
  • The average score is 7 of 15

Answer Stats

GroupMaximum WeightLargest Animal% Correct
Rodents (Rodenta)91 kgCapybara
89%
Cetaceans (Cetacea)173 tonnesBlue Whale
86%
Monitor Lizards (Varanus)166 kgKomodo Dragon
79%
Birds (Aves)145 kgOstrich
79%
Crocodilians (Crocodilia)1,075 kgSaltwater Crocodile
77%
Carpet Sharks (Orectolobiformes)15,000 kgWhale Shark
53%
Cephalopods (Cephalopoda)495 kg (or more)Colossal Squid
48%
Crustaceans (Crustacea)20 kgAmerican Lobster
40%
Bivalves (Bivalvia)250/340 kgGiant Clam
38%
Turtles (Testudines)650 kgLeatherback Sea Turtle
38%
True Jellyfish (Scyphozoa)150 kgLion's Mane Jellyfish
29%
Arachnids (Arachnida)175 gGoliath Birdeater
27%
Frogs (Anura)3.25 kgGoliath Frog
25%
Bovids (Bovidae)1,500 kgGaur
24%
Grasshoppers, Crickets etc. (Orthoptera)70 gLittle Barrier Giant Wētā
12%

Score Distribution

Percentile by Number Answered

Percent of People with Each Score

Your Score History

You have not taken this quiz